Návrh uzatváracej klapky pre vytváranie koľajových riadkov pri výseve

Uložené v:
Podrobná bibliografia
Hlavný autor: Matieska, Richard (Autor)
Ďalší autori: Kusá, Martina (Vedúci práce)
Médium: Rukopis Kniha
Jazyk:Slovak
Vydavateľské údaje: 2017
Predmet:
On-line prístup:http://is.stuba.sk/zp/portal_zp.pl?podrobnosti=126348
Tagy: Pridať tag
Žiadne tagy, Buďte prvý, kto otaguje tento záznam!

MARC

LEADER 00000ntm a22000003a 4500
001 stuzp62303
003 SK-STU
005 20170624211427.3
007 ta
008 150427s2015----xo-----f-mn---000-0-slo-d
040 |a STU  |b slo 
041 0 |a slo 
100 1 |a Matieska, Richard  |u 063000  |4 aut  |U MTF Materiálovotechnologická fakulta  |T MTF Ústav výrobných technológií  |X 46902  |U M3000  |Y 83  |7 46902 
242 0 1 |a The suggestion of shut off valve for creating tramlines during sowing  |y eng 
245 1 0 |a Návrh uzatváracej klapky pre vytváranie koľajových riadkov pri výseve 
260 |c 2017 
650 4 |a uzatváracia klapka  |2 slo 
650 4 |a optimalizovaný návrh  |2 slo 
650 4 |a difúzor  |2 slo 
650 4 |a shut off valve  |2 eng 
650 4 |a optimized model  |2 eng 
650 4 |a diffusor  |2 eng 
700 1 |a Kusá, Martina  |u 063800  |k Z1  |4 ths  |U MTF Ústav výrobných technológií  |T MTF Katedra výrobných systémov, metrológie a montáže  |X 41722  |U M3800  |Y 660  |7 A000041722 
856 4 |u http://is.stuba.sk/zp/portal_zp.pl?podrobnosti=126348 
996 |c M* DP-13023  |l MMSKP  |s P  |a 0  |w stuzp62303_0001